[Event "Staunton mem 4th"]
[Site "London/Crowthorne"]
[Date "2006.08.15"]
[Round "2"]
[White "L'Ami, Erwin"]
[Black "Visser, Yge"]
[Result "1/2-1/2"]
[WhiteElo "2586"]
[BlackElo "2516"]
[PlyCount "120"]
[EventDate "2006.08.14"]
[EventType "tourn"]
[EventRounds "11"]
[EventCountry "ENG"]
[EventCategory "11"]
[Source "ChessBase"]
[SourceDate "2006.09.14"]

1. d4 Nf6 2. c4 g6 3. Nc3 Bg7 4. e4 d6 5. Nf3 O-O 6. Be2 e5 7. O-O Na6 8. Re1
c6 9. Bf1 exd4 10. Nxd4 Ng4 11. h3 Qb6 12. hxg4 Qxd4 13. Qf3 Qe5 14. g5 Qe6 15.
Bf4 Be5 16. Qg3 f6 17. Rad1 Qg4 18. Bxe5 dxe5 19. Qxg4 Bxg4 20. f3 Be6 21. Rd6
Kf7 22. gxf6 Rad8 23. Red1 Rxd6 24. Rxd6 Nc7 25. c5 Kxf6 26. b4 Ke7 27. a3 g5
28. Nd1 Ne8 29. Rd2 g4 30. Be2 Nf6 31. Ne3 gxf3 32. Bxf3 h5 33. Kh2 Rg8 34. Rd6
Ne8 35. Rd2 Nf6 36. Re2 Kf7 37. Re1 Rd8 38. Rd1 Rxd1 39. Nxd1 Kg6 40. g3 Kg5
41. Kg2 a5 42. Kf2 axb4 43. axb4 Nd7 44. Nb2 b6 45. cxb6 Nxb6 46. Nd3 Nd7 47.
Bd1 Bc4 48. Ne1 c5 49. Nf3+ Kf6 50. Nd2 Bf7 51. bxc5 Nxc5 52. Ke3 Bg6 53. Be2
Kg5 54. Nf3+ Kf6 55. Nd2 Ne6 56. Nf3 Ng5 57. Nd2 Ne6 58. Nf3 Ng5 59. Nd2 Ne6
60. Nf3 Ng5 1/2-1/2

[Event "Dieren op"]
[Site "Dieren"]
[Date "2006.08.03"]
[Round "9"]
[White "Ernst, Sipke"]
[Black "Nijboer, Friso"]
[Result "1/2-1/2"]
[WhiteElo "2504"]
[BlackElo "2598"]
[PlyCount "85"]
[EventDate "2006.07.25"]
[EventType "swiss"]
[EventRounds "9"]
[EventCountry "NED"]
[Source "ChessBase"]
[SourceDate "2006.09.14"]

1. d4 Nf6 2. c4 g6 3. Nc3 Bg7 4. e4 d6 5. Nf3 O-O 6. Be2 e5 7. O-O Nc6 8. dxe5
dxe5 9. Bg5 Qxd1 10. Rfxd1 Bg4 11. h3 Bxf3 12. Bxf3 Nd4 13. Nd5 Nxd5 14. cxd5
c6 15. dxc6 bxc6 16. Rac1 Rfb8 17. b3 a5 18. Rc4 a4 19. bxa4 Rb2 20. Rd2 Rb1+
21. Kh2 Bf8 22. Bd1 Kg7 23. f4 Rb4 24. Rdxd4 exd4 25. Rxc6 d3 26. Bf6+ Kg8 27.
Rc3 Rxe4 28. Bf3 Rxf4 29. Bxa8 Rxf6 30. Rxd3 Bd6+ 31. Kg1 Bc5+ 32. Kh1 Rf1+ 33.
Kh2 h5 34. Kg3 g5 35. h4 g4 36. Kh2 Bg1+ 37. Kh1 Bb6+ 38. Kh2 Rf2 39. Bd5 Kg7
40. Rb3 Bc7+ 41. Kg1 Rf5 42. Rb5 Bg3 43. Bb3 1/2-1/2

[Event "Politiken Cup"]
[Site "Copenhagen"]
[Date "2006.07.30"]
[Round "9"]
[White "Malakhatko, Vadim"]
[Black "Hansen, Curt"]
[Result "1/2-1/2"]
[WhiteElo "2594"]
[BlackElo "2625"]
[PlyCount "56"]
[EventDate "2006.07.22"]
[EventType "swiss"]
[EventRounds "9"]
[EventCountry "DEN"]
[Source "ChessBase"]
[SourceDate "2006.09.14"]

1. d4 d6 2. Nf3 Nf6 3. c4 g6 4. Nc3 Bg7 5. e4 O-O 6. Be2 e5 7. O-O Nbd7 8. Re1
c6 9. Rb1 exd4 10. Nxd4 Re8 11. Bf1 d5 12. exd5 Rxe1 13. Qxe1 cxd5 14. cxd5 Nb6
15. d6 Qxd6 16. Ndb5 Qb8 17. g3 Bf5 18. Bf4 Qe8 19. Nd6 Qxe1 20. Rxe1 Be6 21.
Bg2 Nfd5 22. Nxd5 Nxd5 23. Be5 Bxe5 24. Rxe5 Nb4 25. Nxb7 Rc8 26. Rc5 Rxc5 27.
Nxc5 Bxa2 28. f4 Kf8 1/2-1/2

[Event "POR-chT 48th"]
[Site "Evora"]
[Date "2006.07.23"]
[Round "2"]
[White "Postny, Evgeny"]
[Black "Nataf, Igor Alexandre"]
[Result "0-1"]
[WhiteElo "2591"]
[BlackElo "2592"]
[PlyCount "80"]
[EventDate "2006.07.22"]
[EventType "team"]
[EventRounds "9"]
[EventCountry "POR"]
[Source "ChessBase"]
[SourceDate "2006.09.14"]

1. d4 Nf6 2. c4 g6 3. Nc3 Bg7 4. e4 d6 5. Nf3 O-O 6. Be2 e5 7. O-O Nc6 8. d5
Ne7 9. Nd2 Ne8 10. b4 f5 11. c5 Nf6 12. cxd6 cxd6 13. Ba3 Bh6 14. exf5 gxf5 15.
Nc4 Ng6 16. b5 Ne8 17. b6 a6 18. Bh5 Rf6 19. Bc1 Bxc1 20. Rxc1 Nf4 21. Bxe8
Qxe8 22. Ne2 Ng6 23. f4 Bd7 24. fxe5 dxe5 25. Ng3 Qf8 26. Nh5 Rf7 27. d6 Qh6
28. Ng3 Raf8 29. Qb3 f4 30. Ne4 f3 31. Rc2 Qh4 32. Qe3 Bf5 33. Ncd2 fxg2 34.
Rf3 Bxe4 35. Rxf7 Bxc2 36. Rxf8+ Kxf8 37. d7 Bf5 38. Qc5+ Kg7 39. Nf3 Qd8 40.
Nxe5 Bxd7 0-1

[Event "Amsterdam ACT op 3rd"]
[Site "Amsterdam"]
[Date "2006.07.20"]
[Round "6"]
[White "Ernst, Sipke"]
[Black "Stellwagen, Daniel"]
[Result "1/2-1/2"]
[WhiteElo "2504"]
[BlackElo "2575"]
[PlyCount "95"]
[EventDate "2006.07.15"]
[EventType "swiss"]
[EventRounds "9"]
[EventCountry "NED"]
[Source "ChessBase"]
[SourceDate "2006.09.14"]

1. d4 Nf6 2. c4 g6 3. Nc3 Bg7 4. e4 d6 5. Nf3 O-O 6. Be2 e5 7. O-O Nc6 8. dxe5
Nxe5 9. Bf4 Nxf3+ 10. Bxf3 Be6 11. b3 Nd7 12. Qd2 Re8 13. Rac1 a6 14. Rfe1 Rb8
15. Be2 Ne5 16. Bg5 f6 17. Be3 f5 18. exf5 Bxf5 19. Nd5 Qd7 20. Bd4 Be4 21. f4
Bxd5 22. cxd5 Nf7 23. Bxg7 Kxg7 24. Bf3 Rxe1+ 25. Qxe1 Re8 26. Qc3+ Kg8 27.
Qxc7 Qf5 28. Qc4 g5 29. g3 gxf4 30. Qxf4 Qd3 31. Kg2 Rf8 32. Rd1 Qc3 33. Qg4+
Kh8 34. Qd4+ Qxd4 35. Rxd4 Ne5 36. Bg4 Nxg4 37. Rxg4 Rf5 38. Rd4 Kg7 39. h3 h5
40. g4 hxg4 41. hxg4 Re5 42. Kf3 Kf6 43. Rd2 Kg5 44. Rd4 a5 45. a4 Re1 46. b4
b6 47. b5 Rf1+ 48. Ke3 1/2-1/2

[Event "Andorra op 24th"]
[Site "Andorra la Vella"]
[Date "2006.07.13"]
[Round "6"]
[White "Peralta, Fernando"]
[Black "Damljanovic, Branko"]
[Result "1/2-1/2"]
[WhiteElo "2546"]
[BlackElo "2625"]
[PlyCount "149"]
[EventDate "2006.07.08"]
[EventType "swiss"]
[EventRounds "9"]
[EventCountry "AND"]
[Source "ChessBase"]
[SourceDate "2006.09.14"]

1. d4 Nf6 2. c4 g6 3. Nc3 Bg7 4. e4 d6 5. Nf3 O-O 6. Be2 e5 7. O-O Na6 8. Be3
c6 9. d5 Ng4 10. Bg5 f6 11. Bh4 c5 12. Ne1 Nh6 13. a3 Qe7 14. Nc2 Bd7 15. f3
Nf7 16. b4 Bh6 17. Rb1 b6 18. Bd3 Nd8 19. Qe2 Nb7 20. Ne3 Nc7 21. Kh1 Ne8 22.
Bc2 Ng7 23. Ng4 Bg5 24. Bxg5 fxg5 25. Ba4 Bxa4 26. Nxa4 Rfc8 27. Rfc1 Nh5 28.
Qd2 Kg7 29. Nf2 Nf4 30. g3 Nh5 31. Kg2 Rc7 32. bxc5 bxc5 33. Nc3 Qd8 34. Rb5
Rf7 35. Rcb1 Na5 36. Qd3 a6 37. Rb6 Raa7 38. Ncd1 Rfb7 39. Rxb7+ Rxb7 40. Rxb7+
Nxb7 41. Qb3 Na5 42. Qa4 Nf6 43. Ne3 Kf7 44. Nfg4 Ng8 45. Nc2 h5 46. Nf2 Nh6
47. Ne3 Kf8 48. Nd3 Nf7 49. Qc2 Qb6 50. Qc3 Qb3 51. Qxb3 Nxb3 52. Kf2 Ke7 53.
Nf1 Kd7 54. Ke3 Kc7 55. f4 Nd4 56. fxe5 Nxe5 57. Nxe5 dxe5 58. Nd2 g4 59. Kd3
Kd6 60. Nf1 Kc7 61. Ne3 Nf3 62. Nf1 Ng5 63. Ne3 Nf3 64. Nf1 Kb6 65. Kc3 Ng5 66.
Nd2 Nf7 67. Kd3 Nd6 68. Nb3 Ne8 69. a4 a5 70. Nd2 Nf6 71. Ke3 Nd7 72. Nb3 Nf6
73. Kd3 Nd7 74. Nd2 Ka6 75. Nb3 1/2-1/2

[Event "Odessa Geller mem"]
[Site "Odessa"]
[Date "2006.07.04"]
[Round "7"]
[White "Eingorn, Vereslav S"]
[Black "Ivanchuk, Vassily"]
[Result "0-1"]
[WhiteElo "2595"]
[BlackElo "2731"]
[PlyCount "120"]
[EventDate "2006.07.02"]
[EventType "tourn (rapid)"]
[EventRounds "9"]
[EventCountry "UKR"]
[EventCategory "12"]
[Source "ChessBase"]
[SourceDate "2006.09.14"]

1. d4 Nf6 2. c4 g6 3. Nc3 Bg7 4. e4 d6 5. Nf3 O-O 6. Be2 e5 7. Bg5 h6 8. Bxf6
Bxf6 9. a4 Nc6 10. d5 Ne7 11. O-O Bg7 12. b4 f5 13. Bd3 h5 14. h4 Bh6 15. c5 a5
16. cxd6 cxd6 17. bxa5 Rxa5 18. Nb5 Rf6 19. Ng5 Bd7 20. Qb3 Bxb5 21. axb5 Bxg5
22. hxg5 Rf7 23. Rac1 fxe4 24. Bxe4 Qb6 25. Bd3 Ra8 26. Qc2 Rc8 27. Qd2 Rcf8
28. Qe3 Qd8 29. Be4 Nf5 30. Bxf5 Rxf5 31. b6 R8f7 32. Rc2 Rf4 33. Rfc1 Qxg5 34.
Rc8+ Kg7 35. R1c7 Qg4 36. Rxf7+ Rxf7 37. Rc7 Qd1+ 38. Kh2 Qxd5 39. Qg5 Qd4 40.
Rxf7+ Kxf7 41. Qd8 Qf4+ 42. Kg1 Qf6 43. Qc8 Qe7 44. Qc4+ Kf6 45. Qd5 Qd7 46. f3
Ke7 47. Kh2 Qc8 48. Kg3 g5 49. Qe4 h4+ 50. Kh2 Kf6 51. Qh7 Qc6 52. Qc7 Qd5 53.
Qd8+ Kf5 54. Qd7+ Kf6 55. Qd8+ Kg6 56. Qe7 g4 57. fxg4 e4 58. Kh3 Qe5 59. Qxe5
dxe5 60. Kxh4 e3 0-1

[Event "Sort op 2nd"]
[Site "Sort"]
[Date "2006.07.04"]
[Round "9"]
[White "Krivoshey, Sergei"]
[Black "Mamedov, Nidjat"]
[Result "1/2-1/2"]
[WhiteElo "2531"]
[BlackElo "2519"]
[PlyCount "20"]
[EventDate "2006.06.26"]
[EventType "swiss"]
[EventRounds "9"]
[EventCountry "ESP"]
[Source "ChessBase"]
[SourceDate "2006.09.14"]

1. Nf3 Nf6 2. c4 g6 3. Nc3 Bg7 4. e4 d6 5. d4 O-O 6. Be2 e5 7. O-O Nc6 8. d5
Ne7 9. Kh1 Nd7 10. g4 f5 1/2-1/2

[Event "CHN-ch"]
[Site "Wuxi"]
[Date "2006.06.27"]
[Round "3"]
[White "Xu Jun"]
[Black "Li Shilong"]
[Result "1/2-1/2"]
[WhiteElo "2591"]
[BlackElo "2539"]
[PlyCount "89"]
[EventDate "2006.06.25"]
[EventType "tourn"]
[EventRounds "11"]
[EventCountry "CHN"]
[EventCategory "14"]
[Source "ChessBase"]
[SourceDate "2006.09.14"]

1. d4 Nf6 2. c4 g6 3. Nc3 Bg7 4. e4 d6 5. Be2 O-O 6. Nf3 e5 7. O-O Na6 8. Be3
c6 9. d5 Ng4 10. Bg5 f6 11. Bd2 f5 12. Ng5 Nf6 13. exf5 gxf5 14. f4 h6 15. Ne6
Bxe6 16. dxe6 Nc5 17. fxe5 dxe5 18. Be3 Nxe6 19. Rxf5 Nd4 20. Rf1 Qe7 21. Qd3
Rad8 22. Qg6 Qf7 23. Qxf7+ Rxf7 24. Bd1 a5 25. h3 Bf8 26. Kh2 Kg7 27. a3 Bc5
28. Re1 Re7 29. Rf1 Rf7 30. Re1 Re7 31. Rf1 e4 32. Ne2 Nf3+ 33. gxf3 Bxe3 34.
fxe4 Nxe4 35. Rf3 Ng5 36. Rg3 Rd2 37. Rg2 Kh8 38. Ng3 Red7 39. Bg4 Rxg2+ 40.
Kxg2 Rd2+ 41. Kh1 Bf4 42. Nh5 Bd6 43. Rd1 Rxd1+ 44. Bxd1 Nf7 45. Kg2 1/2-1/2

[Event "CHN-ch"]
[Site "Wuxi"]
[Date "2006.06.30"]
[Round "6"]
[White "Bu Xiangzhi"]
[Black "Li Shilong"]
[Result "0-1"]
[WhiteElo "2640"]
[BlackElo "2539"]
[PlyCount "163"]
[EventDate "2006.06.25"]
[EventType "tourn"]
[EventRounds "11"]
[EventCountry "CHN"]
[EventCategory "14"]
[Source "ChessBase"]
[SourceDate "2006.09.14"]

1. Nf3 Nf6 2. c4 g6 3. Nc3 Bg7 4. e4 d6 5. d4 O-O 6. Be2 e5 7. O-O Na6 8. dxe5
dxe5 9. Qxd8 Rxd8 10. Be3 Ng4 11. Bg5 f6 12. Bd2 Bh6 13. Be1 Bf8 14. h3 Nh6 15.
Nd5 Kg7 16. Ba5 b6 17. Bc3 Nf7 18. Rad1 Bb7 19. Bd2 Nd6 20. Nxf6 Kxf6 21. Bg5+
Kg7 22. Bxd8 Rxd8 23. Nxe5 Bxe4 24. f4 Re8 25. Bf3 Bxf3 26. Rxf3 Nb8 27. h4 Nf5
28. h5 gxh5 29. Rd5 Bc5+ 30. Kh2 Rf8 31. Kh3 a5 32. Nd3 Be7 33. Ne5 Bd6 34. Rd2
Ne7 35. Nd3 Nbc6 36. Rg3+ Ng6 37. Rg5 Nb4 38. g3 Nxd3 39. Rxd3 h4 40. gxh4 Rxf4
41. h5 Rh4+ 42. Kg2 Rxh5 43. Rxh5 Nf4+ 44. Kf3 Nxd3 45. b3 Nc1 46. Rg5+ Kf6 47.
Rg2 Nd3 48. Ke4 Nf4 49. Rg8 Ng6 50. Rc8 h5 51. c5 bxc5 52. Kf3 Kf5 53. Ra8 h4
54. Kg2 Nf4+ 55. Kh1 c4 56. Rxa5+ c5 57. bxc4 Ke4 58. Ra8 Ne6 59. Re8 Ke5 60.
a4 Bc7 61. Kg2 Kd6 62. Kh3 Bd8 63. Kg4 Kd7 64. Rh8 Nd4 65. a5 Bxa5 66. Rxh4 Bc7
67. Kh3 Nf5 68. Re4 Nd6 69. Rg4 Ke6 70. Kg2 Kf5 71. Kf3 Nf7 72. Rh4 Ne5+ 73.
Ke2 Bd8 74. Rh7 Ke4 75. Rh8 Bg5 76. Rh5 Bf4 77. Kd1 Kd4 78. Rh4 Nd3 79. Ke2
Kxc4 80. Rh3 Nb4 81. Kf3 Bc1 82. Ke2 0-1

[Event "Biel GM"]
[Site "Biel"]
[Date "2006.08.01"]
[Round "8"]
[White "Carlsen, Magnus"]
[Black "Radjabov, Teimour"]
[Result "1/2-1/2"]
[WhiteElo "2675"]
[BlackElo "2728"]
[PlyCount "59"]
[EventDate "2006.07.24"]
[EventType "tourn"]
[EventRounds "10"]
[EventCountry "SUI"]
[EventCategory "17"]
[Source "ChessBase"]
[SourceDate "2006.10.02"]

1. d4 Nf6 2. c4 g6 3. Nc3 Bg7 4. e4 d6 5. Nf3 O-O 6. Be2 e5 7. O-O Nc6 8. d5
Ne7 9. Kh1 Nd7 10. g4 Kh8 11. Rg1 a5 12. Be3 Nc5 13. Rc1 Bd7 14. b3 Ng8 15. Nd2
f6 16. h4 f5 17. g5 Nxe4 18. Ndxe4 fxe4 19. Nxe4 Ne7 20. Bg4 Nf5 21. Bxf5 Bxf5
22. f3 Qd7 23. Rg3 Rf7 24. Kg2 b6 25. Qe2 Raf8 26. Rh1 Kg8 27. a3 Rb8 28. a4
Rbf8 29. Qd1 Rb8 30. Qd3 1/2-1/2

[Event "Amsterdam NH Hotels"]
[Site "Amsterdam"]
[Date "2006.08.20"]
[Round "2"]
[White "Beliavsky, Alexander G"]
[Black "Stellwagen, Daniel"]
[Result "0-1"]
[WhiteElo "2625"]
[BlackElo "2575"]
[PlyCount "108"]
[EventDate "2006.08.19"]
[EventType "schev"]
[EventRounds "10"]
[EventCountry "NED"]
[Source "ChessBase"]
[SourceDate "2006.10.02"]

1. d4 Nf6 2. c4 g6 3. Nc3 Bg7 4. e4 d6 5. Nf3 O-O 6. Be2 e5 7. O-O Nc6 8. d5
Ne7 9. Nd2 a5 10. a3 Bd7 11. b3 c6 12. Ra2 Qb8 13. Rc2 Rc8 14. Ndb1 cxd5 15.
cxd5 b5 16. b4 Ne8 17. Be3 f5 18. f3 Nf6 19. Qd2 a4 20. Rfc1 Rc7 21. Qd3 Rb7
22. Nd1 f4 23. Bf2 g5 24. Nb2 g4 25. fxg4 Nxg4 26. Bxg4 Bxg4 27. Nd2 Kh8 28.
Qf1 Bf6 29. Nd3 Qe8 30. Ne1 Qh5 31. Ndf3 Rg8 32. Kh1 Rbb8 33. Ba7 Ra8 34. Bb6
Rg6 35. Qxb5 Rag8 36. Qf1 Bh4 37. Nxh4 Qxh4 38. Nf3 Qh5 39. Rc7 Rh6 40. Bg1 Ng6
41. b5 Nh4 42. Nxh4 Qxh4 43. b6 f3 44. b7 Qg3 45. R1c2 fxg2+ 46. Rxg2 Bf3 47.
Rcc2 Qh3 48. Rcf2 Bxe4 49. b8=Q Bxg2+ 50. Rxg2 Rxb8 51. Qf7 Rg6 52. Rxg6 hxg6
53. Qf6+ Kh7 54. Qe7+ Kg8 0-1

[Event "EU-Cup 22nd"]
[Site "Feugen"]
[Date "2006.10.13"]
[Round "6"]
[White "Gelfand, Boris"]
[Black "Movsesian, Sergei"]
[Result "1-0"]
[WhiteElo "2733"]
[BlackElo "2637"]
[PlyCount "81"]
[EventDate "2006.10.08"]
[EventType "team"]
[EventRounds "7"]
[EventCountry "AUT"]
[Source "ChessBase"]
[SourceDate "2006.11.01"]

1. d4 Nf6 2. c4 g6 3. Nc3 Bg7 4. e4 d6 5. Nf3 O-O 6. Be2 e5 7. O-O Na6 8. Be3
Ng4 9. Bg5 Qe8 10. Re1 c6 11. h3 f6 12. Bc1 Nh6 13. Bf1 Nf7 14. Rb1 Qe7 15. b4
Nc7 16. b5 Ng5 17. Nxg5 fxg5 18. bxc6 bxc6 19. d5 c5 20. Be3 h5 21. Be2 Rf4 22.
Bxc5 Bxh3 23. Be3 Bd7 24. c5 Raf8 25. Rb7 Bc8 26. Rxa7 g4 27. Nb5 Rxf2 28. Bxf2
Rxf2 29. g3 Qf6 30. Rxc7 h4 31. Rxc8+ Kh7 32. Rf1 hxg3 33. Qe1 Qh4 34. Rxf2 g2
35. Kxg2 Qh3+ 36. Kg1 Qg3+ 37. Kf1 Qh3+ 38. Rg2 Qh1+ 39. Kf2 Qh4+ 40. Rg3 Qh2+
41. Ke3 1-0

[Event "EU-Cup 22nd"]
[Site "Feugen"]
[Date "2006.10.13"]
[Round "6"]
[White "Goloshchapov, Alexander"]
[Black "Bologan, Viktor"]
[Result "0-1"]
[WhiteElo "2552"]
[BlackElo "2659"]
[PlyCount "79"]
[EventDate "2006.10.08"]
[EventType "team"]
[EventRounds "7"]
[EventCountry "AUT"]
[Source "ChessBase"]
[SourceDate "2006.11.01"]

1. d4 Nf6 2. c4 g6 3. Nc3 Bg7 4. e4 d6 5. Nf3 O-O 6. Be2 e5 7. O-O Nc6 8. d5
Ne7 9. b4 Nh5 10. Re1 a5 11. bxa5 Rxa5 12. Nd2 Nf4 13. Bf1 c5 14. a4 Nh5 15.
Ra3 Nf6 16. Nb5 Ra6 17. g3 Nd7 18. Nf3 h6 19. Nh4 g5 20. Nf5 Nxf5 21. exf5 Nf6
22. g4 Bd7 23. Nc3 Re8 24. Bd3 e4 25. Nxe4 Nxe4 26. Rxe4 Bd4 27. Rxe8+ Qxe8 28.
Bc2 Rb6 29. Rh3 Rb4 30. Rxh6 Rxc4 31. Bxg5 Bxa4 32. Bxa4 Rxa4 33. Rxd6 Qe4 34.
Rd8+ Kh7 35. h3 Ra1 36. Qxa1 Bxa1 37. d6 Bd4 38. Bh4 Qd5 39. d7 b5 40. Rh8+ 0-1

[Event "CRO-chT 15th"]
[Site "Sibenik"]
[Date "2006.09.28"]
[Round "7"]
[White "Kozul, Zdenko"]
[Black "Smirin, Ilia"]
[Result "1-0"]
[WhiteElo "2593"]
[BlackElo "2659"]
[PlyCount "71"]
[EventDate "2006.09.22"]
[EventType "team"]
[EventRounds "11"]
[EventCountry "CRO"]
[Source "ChessBase"]
[SourceDate "2006.11.01"]

1. d4 Nf6 2. c4 g6 3. Nc3 Bg7 4. e4 d6 5. Nf3 O-O 6. Be2 e5 7. O-O Na6 8. Re1
c6 9. Bf1 exd4 10. Nxd4 Ng4 11. h3 Qb6 12. hxg4 Qxd4 13. g5 Qxd1 14. Rxd1 Nc5
15. f3 Be5 16. Rb1 a5 17. Ne2 Re8 18. Be3 b6 19. b3 Bb7 20. Rd2 d5 21. cxd5
cxd5 22. exd5 Rad8 23. Rbd1 Rd6 24. g3 Bg7 25. Kf2 Red8 26. Nf4 h6 27. gxh6
Bxh6 28. Bc4 Nd7 29. Ng2 g5 30. Rh1 Re8 31. Rh5 Rg6 32. Bd3 Rd6 33. Bb5 Bg7 34.
Rxg5 Re5 35. Rxe5 Bxe5 36. Bf4 1-0

[Event "CRO-chT 15th"]
[Site "Sibenik"]
[Date "2006.09.29"]
[Round "8"]
[White "Hracek, Zbynek"]
[Black "Kozul, Zdenko"]
[Result "1/2-1/2"]
[WhiteElo "2605"]
[BlackElo "2593"]
[PlyCount "20"]
[EventDate "2006.09.22"]
[EventType "team"]
[EventRounds "11"]
[EventCountry "CRO"]
[Source "ChessBase"]
[SourceDate "2006.11.01"]

1. d4 Nf6 2. c4 g6 3. Nc3 Bg7 4. e4 d6 5. Nf3 O-O 6. Be2 e5 7. Be3 c6 8. dxe5
dxe5 9. Qxd8 Rxd8 10. Nd2 Nbd7 1/2-1/2

[Event "CRO-chT 15th"]
[Site "Sibenik"]
[Date "2006.09.30"]
[Round "9"]
[White "Lenic, Luka"]
[Black "Jankovic, Alojzije"]
[Result "1/2-1/2"]
[WhiteElo "2500"]
[BlackElo "2525"]
[PlyCount "120"]
[EventDate "2006.09.22"]
[EventType "team"]
[EventRounds "11"]
[EventCountry "CRO"]
[Source "ChessBase"]
[SourceDate "2006.11.01"]

1. d4 Nf6 2. c4 g6 3. Nc3 Bg7 4. e4 d6 5. Nf3 O-O 6. Be2 e5 7. O-O Nc6 8. d5
Ne7 9. b4 Nh5 10. Re1 f5 11. Ng5 Nf6 12. Bf3 c6 13. Be3 cxd5 14. cxd5 h6 15.
Ne6 Bxe6 16. dxe6 fxe4 17. Nxe4 Nxe4 18. Bxe4 d5 19. Bc2 b6 20. Qg4 e4 21. Rad1
Qc7 22. Bb3 Rf5 23. b5 Qe5 24. Bc1 Raf8 25. Ba3 h5 26. Qg3 Qxe6 27. Bxe7 Qxe7
28. Bxd5+ Kh8 29. Bxe4 Rg5 30. Qd3 Re5 31. f3 g5 32. Qd7 Bf6 33. a4 Qxd7 34.
Rxd7 Re7 35. Rd6 Kg7 36. Rc1 Rff7 37. Rcc6 Rd7 38. Kf2 Rxd6 39. Rxd6 Rc7 40.
Ke2 h4 41. g3 hxg3 42. hxg3 Kf7 43. Bd5+ Kg7 44. f4 gxf4 45. gxf4 Be7 46. Re6
Bf6 47. Kf3 Rd7 48. Ke4 Re7 49. f5 Kf8 50. Bc4 Kg7 51. Kf4 Rd7 52. Rc6 Rd4+ 53.
Ke3 Rh4 54. Rc8 Be5 55. Rg8+ Kh7 56. Rc8 Kg7 57. Kd3 Rd4+ 58. Kc2 Rf4 59. Kd3
Rd4+ 60. Ke3 Rh4 1/2-1/2

[Event "Kostic mem 14th"]
[Site "Vrsac"]
[Date "2006.09.21"]
[Round "9"]
[White "Miladinovic, Igor"]
[Black "Korneev, Oleg"]
[Result "1-0"]
[WhiteElo "2584"]
[BlackElo "2638"]
[PlyCount "101"]
[EventDate "2006.09.12"]
[EventType "tourn"]
[EventRounds "9"]
[EventCountry "YUG"]
[EventCategory "13"]
[Source "ChessBase"]
[SourceDate "2006.11.01"]

1. d4 Nf6 2. c4 g6 3. Nc3 Bg7 4. e4 d6 5. Nf3 O-O 6. Be2 e5 7. O-O Nc6 8. d5
Ne7 9. Ne1 Nd7 10. Nd3 f5 11. f3 f4 12. g4 h5 13. g5 h4 14. Kh1 Kf7 15. Bd2 Rh8
16. b4 Rh5 17. Rg1 Ng8 18. c5 a6 19. Qb3 Rxg5 20. c6 Rxg1+ 21. Rxg1 Nf8 22.
cxb7 Bxb7 23. Be1 g5 24. b5 a5 25. Na4 Bc8 26. b6 cxb6 27. Qxb6 Bf6 28. Ndb2
Be7 29. Qxd8 Bxd8 30. Nc4 Ra6 31. Bf2 Nd7 32. Rc1 Ne7 33. Na3 Ra8 34. Nb5 Ra6
35. h3 Nf6 36. Kg2 g4 37. hxg4 h3+ 38. Kxh3 Bxg4+ 39. fxg4 Nxe4 40. Bh4 Nf6 41.
Bxf6 Kxf6 42. Nc7 Ra7 43. Ne8+ Kg5 44. Nc3 Nxd5 45. Nxd5 e4 46. Nxd6 Rh7+ 47.
Kg2 f3+ 48. Bxf3 exf3+ 49. Kg3 Rd7 50. Rc6 Kg6 51. Kxf3 1-0

[Event "Wch Blitz"]
[Site "Rishon Le Ziyyon"]
[Date "2006.09.07"]
[Round "4"]
[White "Gurevich, Dmitry"]
[Black "Svidler, Peter"]
[Result "1-0"]
[WhiteElo "2507"]
[BlackElo "2742"]
[PlyCount "55"]
[EventDate "2006.09.07"]
[EventType "tourn (blitz)"]
[EventRounds "15"]
[EventCountry "ISR"]
[EventCategory "16"]
[Source "ChessBase"]
[SourceDate "2006.11.01"]

1. d4 g6 2. c4 Bg7 3. e4 d6 4. Nc3 Nf6 5. Nf3 O-O 6. Be2 e5 7. O-O Na6 8. Re1
c6 9. Bf1 exd4 10. Nxd4 Ng4 11. h3 Qb6 12. hxg4 Qxd4 13. g5 Qe5 14. Be3 Nc5 15.
f3 f6 16. gxf6 Bxf6 17. Qd2 Bh4 18. Bf2 Bxf2+ 19. Qxf2 Ne6 20. Rad1 Ng5 21. Be2
Be6 22. Rf1 Rf4 23. Qd4 Nf7 24. g3 Qg5 25. Kf2 Rf6 26. f4 Bh3 27. Rh1 c5 28.
Qe3 1-0

[Event "Wch Blitz"]
[Site "Rishon Le Ziyyon"]
[Date "2006.09.07"]
[Round "14"]
[White "Gelfand, Boris"]
[Black "Smirin, Ilia"]
[Result "1/2-1/2"]
[WhiteElo "2729"]
[BlackElo "2659"]
[PlyCount "98"]
[EventDate "2006.09.07"]
[EventType "tourn (blitz)"]
[EventRounds "15"]
[EventCountry "ISR"]
[EventCategory "16"]
[Source "ChessBase"]
[SourceDate "2006.11.01"]

1. d4 Nf6 2. c4 g6 3. Nc3 Bg7 4. e4 d6 5. Nf3 O-O 6. Be2 e5 7. O-O Na6 8. Be3
h6 9. dxe5 Ng4 10. Bd2 dxe5 11. Qc1 Kh7 12. Rd1 Qe8 13. h3 Nf6 14. Be3 Nh5 15.
c5 f5 16. Bxa6 bxa6 17. Nd5 Qf7 18. c6 Be6 19. Nc3 g5 20. Nd2 Nf4 21. Bxf4 gxf4
22. Kh2 Bf6 23. exf5 Bxf5 24. Nde4 Qg6 25. Rd7+ Kh8 26. f3 Rg8 27. Qf1 Bxd7 28.
cxd7 Rad8 29. Rd1 Bh4 30. Na4 Be7 31. Rd2 Qc6 32. Qd1 Rg6 33. Rd5 Bd6 34. Nac5
Rdg8 35. g4 fxg3+ 36. Kg2 Rd8 37. b4 a5 38. b5 Qb6 39. a4 Bxc5 40. Rxc5 Rg7 41.
Rd5 Qe6 42. Nc5 Qf5 43. Qd3 Qxh3+ 44. Kxh3 g2 45. Qe3 g1=Q 46. Qxg1 Rxg1 47.
Ne6 Rdg8 48. Rd2 Rh1+ 49. Rh2 Rd1 1/2-1/2

[Event "Wch Blitz"]
[Site "Rishon Le Ziyyon"]
[Date "2006.09.07"]
[Round "15"]
[White "Bacrot, Etienne"]
[Black "Radjabov, Teimour"]
[Result "1/2-1/2"]
[WhiteElo "2707"]
[BlackElo "2728"]
[PlyCount "145"]
[EventDate "2006.09.07"]
[EventType "tourn (blitz)"]
[EventRounds "15"]
[EventCountry "ISR"]
[EventCategory "16"]
[Source "ChessBase"]
[SourceDate "2006.11.01"]

1. d4 Nf6 2. c4 g6 3. Nc3 Bg7 4. e4 d6 5. Nf3 O-O 6. Be2 e5 7. O-O Nc6 8. dxe5
dxe5 9. Qxd8 Rxd8 10. Bg5 Rf8 11. Rad1 Bg4 12. Rd2 Bxf3 13. Bxf3 Nd4 14. Nb5 c5
15. Nxd4 cxd4 16. Bxf6 Bxf6 17. Be2 Rfc8 18. g3 Be7 19. Bd3 Bd6 20. f4 f6 21.
Rdf2 Rc7 22. f5 g5 23. Rb1 Rac8 24. Rc2 a5 25. a4 h5 26. h3 Bb4 27. Kf1 Rg7 28.
Ke2 Kf8 29. Rh1 Ke7 30. Rb1 Kd6 31. Ra1 Bc5 32. Rac1 Rc6 33. b3 Rb6 34. Rb1 Rc7
35. Rcc1 Rg7 36. Bc2 Bb4 37. Kd3 Rc6 38. Rd1 Rc8 39. Rdc1 g4 40. h4 Rgc7 41.
Ra1 Bc3 42. Ra2 Rc6 43. Rb1 Rb6 44. Rc1 Rb4 45. Rb1 Rc6 46. Rc1 Ra6 47. Rd1
Rab6 48. Rb1 Kc5 49. Ra3 Rc6 50. Ra2 Kd6 51. Ra3 Rc8 52. Ra2 Rb6 53. Ra3 Bb4
54. Ra2 Rbc6 55. Rd1 Rc5 56. Rb1 Kc7 57. Rd1 Kb8 58. Rb1 R5c7 59. Rd1 Bf8 60.
Rb1 Bh6 61. Rf1 Be3 62. Raa1 Rc6 63. Ra2 Kc7 64. Raa1 Kd6 65. Ra2 Kc7 66. Raa1
Rc5 67. Ra2 Kb8 68. Raa1 b5 69. axb5 Rxb5 70. Ke2 Kb7 71. Ra4 Rbc5 72. Rfa1 Kb6
73. Bd3 1/2-1/2

[Event "Open A"]
[Site "Zadar CRO"]
[Date "2007.12.21"]
[Round "8"]
[White "Cvitan, O."]
[Black "Popovic, Du"]
[Result "1-0"]
[WhiteElo "2543"]
[BlackElo "2552"]
[PlyCount "59"]
[EventDate "2007.12.16"]
[SourceDate "1999.07.01"]

1. d4 Nf6 2. Nf3 g6 3. c4 Bg7 4. Nc3 d6 5. e4 O-O 6. Be2 e5 7. Be3 Nbd7 8. O-O
Re8 9. d5 Nh5 10. g3 Bf8 11. Ne1 Ng7 12. Nd3 f5 13. f3 Be7 14. Qd2 Nf6 15. Bh6
fxe4 16. fxe4 Ng4 17. Bxg4 Bxg4 18. Kg2 Rf8 19. h3 Bd7 20. g4 a6 21. Rxf8+ Qxf8
22. Rf1 Qd8 23. Ne1 c5 24. Nf3 Bf6 25. Qf2 Qe8 26. Ng5 Bxg5 27. Bxg5 b5 28. Qh4
h5 29. Be7 Kh7 30. Rf8 1-0